Cloud Computing and Beyond: A Managerial Perspective (Record no. 1939)

MARC details
000 -LEADER
fixed length control field 00376nam a2200157Ia 4500
008 - FIXED-LENGTH DATA ELEMENTS--GENERAL INFORMATION
fixed length control field 230523s9999 xx 000 0 und d
082 ## - DEWEY DECIMAL CLASSIFICATION NUMBER
Classification number 004.6782 DUB
100 ## - MAIN ENTRY--PERSONAL NAME
Main Author Name Dubey, Sanjiva Kumar
245 #0 - TITLE STATEMENT
Title Cloud Computing and Beyond: A Managerial Perspective
250 ## - EDITION STATEMENT
Edition 2
260 ## - PUBLICATION, DISTRIBUTION, ETC.
Place of publication Delhi
260 ## - PUBLICATION, DISTRIBUTION, ETC.
publisher Name I.K. International
260 ## - PUBLICATION, DISTRIBUTION, ETC.
Date of publication 2018
300 ## - PHYSICAL DESCRIPTION
Number Of Page 276
942 ## - ADDED ENTRY ELEMENTS (KOHA)
Koha item type Text Books
Holdings
Lost status Not for loan Home library Current library Date last seen Koha item type School Total Checkouts Full call number Barcode Cost, replacement price Price effective from Withdrawn status Date acquired Source of acquisition Cost, normal purchase price Discount Bill Date Bill No
    BGU Central Library BGU Central Library 23/05/2023 Text Books School of Management   004.6782 DUB 10406 325.00 23/05/2023   28/02/2019 Vardhman Books, Delhi 325.00   2019-02-04 277
    BGU Central Library BGU Central Library 23/05/2023 Text Books School of Management   004.6782 DUB 10407 325.00 23/05/2023   28/02/2019 Vardhman Books, Delhi 325.00   2019-02-04 277
    BGU Central Library BGU Central Library 23/05/2023 Text Books School of Management   004.6782 DUB 10408 325.00 23/05/2023   28/02/2019 Vardhman Books, Delhi 325.00   2019-02-04 277
    BGU Central Library BGU Central Library 23/05/2023 Text Books School of Management   004.6782 DUB 10409 325.00 23/05/2023   28/02/2019 Vardhman Books, Delhi 325.00   2019-02-04 277
    BGU Central Library BGU Central Library 23/05/2023 Text Books School of Management   004.6782 DUB 10410 325.00 23/05/2023   28/02/2019 Vardhman Books, Delhi 325.00   2019-02-04 277
    BGU Central Library BGU Central Library 23/05/2023 Text Books School of Management   004.6782 DUB 10411 325.00 23/05/2023   28/02/2019 Vardhman Books, Delhi 325.00   2019-02-04 277
    BGU Central Library BGU Central Library 23/05/2023 Text Books School of Management   004.6782 DUB 10412 325.00 23/05/2023   28/02/2019 Vardhman Books, Delhi 325.00   2019-02-04 277
    BGU Central Library BGU Central Library 23/05/2023 Text Books School of Management   004.6782 DUB 10413 325.00 23/05/2023   28/02/2019 Vardhman Books, Delhi 325.00   2019-02-04 277
    BGU Central Library BGU Central Library 23/05/2023 Text Books School of Management   004.6782 DUB 10414 325.00 23/05/2023   28/02/2019 Vardhman Books, Delhi 325.00   2019-02-04 277
    BGU Central Library BGU Central Library 23/05/2023 Text Books School of Management   004.6782 DUB 10415 325.00 23/05/2023   28/02/2019 Vardhman Books, Delhi 325.00   2019-02-04 277

Maintained and Designed by
2cqr automation private limited, Chennai. All Rights Reserved.

You are Visitor Number

PHP Hits Count